Medidas cautelares. Tomo II /

Guardado en:
Otros Autores: Adler, Federico., Azcue, Ludmila., Bessone, Nicolás M., Di Iorio, Eduardo Javier., Frank, Marcos., Kostenwein, Ezequiel., Marrón, María Gabriela., Molina, Pablo Antonio., Vacani, Pablo Andrés.
Formato: Libro
Idioma:Spanish
Publicado: Ciudad Autónoma de Buenos Aires : Editores del Sur, 2020.
Edición:1a. ed.
Series:Proceso Adversarial en la Provincia de Buenos Aires. Prácticas y herramientas
Materias:
Etiquetas: Agregar Etiqueta
Sin Etiquetas, Sea el primero en etiquetar este registro!
LEADER 01061nam a22003015a 4500
001 DER.der014673
008 210923s2020####ag############000#0#spa#d
005 20250625150544.0
245 1 0 |a Medidas cautelares.  |n Tomo II /  |c Gabriel Bombini, Carlos Carnevale. 
250 |a 1a. ed. 
260 |a Ciudad Autónoma de Buenos Aires :  |b Editores del Sur,  |c 2020. 
300 |a 335 p. 
490 1 |a Proceso Adversarial en la Provincia de Buenos Aires. Prácticas y herramientas 
020 |a 9789874755636 
100 1 |a Bombini, Gabriel.,  |e dir. 
700 1 |a Carnevale, Carlos.,  |e dir. 
700 1 |a Adler, Federico. 
700 1 |a Azcue, Ludmila. 
700 1 |a Bessone, Nicolás M. 
700 1 |a Di Iorio, Eduardo Javier. 
700 1 |a Frank, Marcos. 
700 1 |a Kostenwein, Ezequiel. 
700 1 |a Marrón, María Gabriela. 
700 1 |a Molina, Pablo Antonio. 
700 1 |a Vacani, Pablo Andrés. 
650 7 |a DERECHO PROCESAL PENAL 
859 |a DERECHO  |b BIB. DERECHO  |h 345.05  |i BOM  |p 009993  |3 Tomo II 
859 |a DERECHO  |b BIB. DERECHO  |h 345.05  |i BOM  |p 0010611  |t 1  |3 Tomo II